LEADER 01136nam a2200277 i 4500 001 000000141624 003 CaOOAMICUS 005 20050812000000.0 008 050812s1974 it u000 u ita u 013 $a116311 040 $aSeMil$bita 100 1 $aHolzkamp, Klaus.$0(OLS)http://semarc/name/56918 240 10$aKritische Psychologie.$0(OLS)http://semarc/title/206971 245 10$aPsicologia critica /$cKlaus Holzkamp ; Introduzione di Dario Romano. 260 $aMilano :$bMazzotta,$ccopyr. 1974. 300 $aIX, 323 p. ;$c19 cm. 490 0 $aBiblioteca di nuova cultura ;$v19 500 $aContiene : Bibliografia. 650 4$aPsicologia - Metodi.$0(OLS)http://semarc/subject/27866 700 1 $aRomano, Dario.$0(OLS)http://semarc/name/56919 830 0$aBiblioteca di nuova cultura ;$v19.$0(OLS)http://semarc/title/18161 850 $aSeMil 852 $aSeMil$W1$xVenegono$y1$m1135 1 19 *$j94844$B94844$CSeMilBibl$Z2$F101588 $81 961 $aLascito: Corradi mons. Enrico 996 $6245$aPsicologia critica$9(OLS)http://semarc/title/206970 996 $6260$aMilano :$bMazzotta$9(OLS)http://semarc/publisher/32846 LEADER 01159nam a2200241 i 4500 001 000000033158 003 CaOOAMICUS 005 20250605085722.0 008 180830n it u000 u ita u 040 $aSeMil$bita 100 1 $a?echov, Anton Pavlovi?,$d<1860-1904>.$0(OLS)http://semarc/name/1556 245 10$aTutte le opere di A. P. ?echov /$ca cura di Eridano Bazzarelli. 264 1$aMilano :$bUgo Mursia,$c[1969?] 300 $a5 v. ;$c21 cm. 490 1 $aI grandi scrittori di ogni paese. Serie russa 650 04$a?echov, Anton Pavlovi? <1860-1904> - Opere.$0(OLS)http://semarc/subject/52192 700 1 $aBazzarelli, Eridano,$d<1921-2013>.$0(OLS)http://semarc/name/8821 774 0 $a?echov, Anton Pavlovi? <1860-1904>$tTutti i racconti e le novelle.$w()33159 774 0 $a?echov, Anton Pavlovi? <1860-1904>$tTutto il teatro e le opere varie.$w()33160 830 2$aI grandi scrittori di ogni paese. Serie russa.$0(OLS)http://semarc/title/20836 996 $6245$aTutte le opere di A. P. ?echov$9(OLS)http://semarc/title/44885 996 $6264$aMilano :$bUgo Mursia$9(OLS)http://semarc/publisher/34015